000 00556nam a2200205 i 4500
001 C2-0170043
003 PPAK
005 20180728093243.0
008 980802s my a|||| ||||| | may d
040 _aPPAK
_beng
_cPPAK
_erda
082 0 4 _a641.1
_2 23
090 0 0 _a641.1
_bANA
_dR
245 0 0 _aAnak sayang
264 1 _aShah Alam, Selangor :
_bUmmah Media Sdn. Bhd. ,
_cJan - Okt 1996
300 _bcolour illustrations ;
_c29 cm
336 _2rdacontent
_atext
337 _2rdamedia
_aunmediated
338 _2rdacarrier
_avolume
942 _ddc
_cB
999 _c153782
_d153782